Préfectures et régions de France (Click). - Statistiques

Statistiques générales
  • Ce quiz a été pris 42 fois
  • Le résultat moyen est 51 sur 96
Statistiques - réponses
Hint Réponse % Correct
Strasbourg Grand Est
77%
Rennes Bretagne
74%
Lyon Auvergne-Rhône-Alpes
71%
Annecy Auvergne-Rhône-Alpes
69%
Grenoble Auvergne-Rhône-Alpes
69%
Saint-Étienne Auvergne-Rhône-Alpes
69%
Bastia Corse
69%
Lille Hauts-de-France
69%
Nanterre Ile-de-France
69%
Paris Ile-de-France
69%
Bordeaux Nouvelle-Aquitaine
69%
Clermont-Ferrand Auvergne-Rhône-Alpes
66%
Nancy Grand Est
66%
Créteil Ile-de-France
66%
Versailles Ile-de-France
66%
Marseille Provence-Alpes-Côte d'Azur
66%
Valence Auvergne-Rhône-Alpes
63%
Chambéry Auvergne-Rhône-Alpes
63%
Dijon Bourgogne-Franche-Comté
63%
Quimper Bretagne
63%
Orléans Centre-Val de Loire
63%
Ajaccio Corse
63%
Montpellier Occitanie
63%
Toulouse Occitanie
63%
Nice Provence-Alpes-Côte d'Azur
63%
Avignon Provence-Alpes-Côte d'Azur
63%
Colmar Grand Est
60%
Metz Grand Est
60%
Arras Hauts-de-France
60%
Bobigny Ile-de-France
60%
Évry Ile-de-France
60%
Rouen Normandie
60%
La Rochelle Nouvelle-Aquitaine
60%
Toulon Provence-Alpes-Côte d'Azur
60%
Vannes Bretagne
57%
Caen Normandie
57%
Perpignan Occitanie
57%
Nantes Pays de la Loire
57%
Le Puy-en-Velay Auvergne-Rhône-Alpes
54%
Tours Centre-Val de Loire
54%
Amiens Hauts-de-France
54%
Angoulême Nouvelle-Aquitaine
54%
Périgueux Nouvelle-Aquitaine
54%
Limoges Nouvelle-Aquitaine
54%
Albi Occitanie
54%
Rodez Occitanie
54%
Carcassonne Occitanie
54%
Bourg-en-Bresse Auvergne-Rhône-Alpes
51%
Besançon Bourgogne-Franche-Comté
51%
Auxerre Bourgogne-Franche-Comté
51%
Saint-Brieuc Bretagne
51%
Bourges Centre-Val de Loire
51%
Épinal Grand Est
51%
Melun Ile-de-France
51%
Pontoise Ile-de-France
51%
Foix Occitanie
51%
Auch Occitanie
51%
Lons-le-Saunier Bourgogne-Franche-Comté
49%
Châteauroux Centre-Val de Loire
49%
Blois Centre-Val de Loire
49%
Chaumont Grand Est
49%
Charleville-Mézières Grand Est
49%
Troyes Grand Est
49%
Châlons-en-Champagne Grand Est
49%
Évreux Normandie
49%
Saint-Lô Normandie
49%
Niort Nouvelle-Aquitaine
49%
Mende Occitanie
49%
Angers Pays de la Loire
49%
Belfort Bourgogne-Franche-Comté
46%
Chartres Centre-Val de Loire
46%
Beauvais Hauts-de-France
46%
Laon Hauts-de-France
46%
Mont-de-Marsan Nouvelle-Aquitaine
46%
Montauban Occitanie
46%
Nîmes Occitanie
46%
Laval Pays de la Loire
46%
Gap Provence-Alpes-Côte d'Azur
46%
Mâcon Bourgogne-Franche-Comté
43%
Bar-le-Duc Grand Est
43%
Alençon Normandie
43%
Tarbes Occitanie
43%
Digne Provence-Alpes-Côte d'Azur
43%
Aurillac Auvergne-Rhône-Alpes
40%
Nevers Bourgogne-Franche-Comté
40%
Pau Nouvelle-Aquitaine
40%
Cahors Occitanie
40%
Le Mans Pays de la Loire
40%
Poitiers Nouvelle-Aquitaine
37%
La Roche-sur-Yon Pays de la Loire
37%
Vesoul Bourgogne-Franche-Comté
34%
Tulle Nouvelle-Aquitaine
34%
Agen Nouvelle-Aquitaine
34%
Moulins Auvergne-Rhône-Alpes
31%
Privas Auvergne-Rhône-Alpes
31%
Guéret Nouvelle-Aquitaine
26%
Aucun quiz correspondant
Distribution des résultats
% des personnes avec chaque résultat
Percentile par nombre de réponses
Votre historique - résultats
Vous n’avez pas pris ce quiz